000 00287nam a22001337a 4500
008 171220b xxu||||| |||| 00| 0 eng d
020 _a9781405104371
041 _aeng
080 _a61
100 _a4
101 _aSHM
245 _aFAMILY MEDICINE
_cMALDONADO.D.C
942 _2udc
_cBK
999 _c39216
_d39216